02036nam a2200373 i 450000100090000000300090000900500170001800800410003502000430007602000400011903500240015904000790018308200200026210000320028224501420031425000200045626400490047626400100052530000460053533600260058133700280060733800270063550400510066250505840071365000360129765000340133365300170136765500170138470000320140190600450143394200120147899900170149095201550150715465968EG-ScBUE20230509102346.0080926t2009 caua f b 001 0 eng d a9781412951081 (pbk. : acid-free paper) a1412951089 (pbk. : acid-free paper) a(OCoLC)ocn251214559 aDLCbengerdacDLCdBTCTAdYDXCPdC#PdOCLCQdTSUdCDXdBWXdDLCdEG-ScBUE04a808.02222bPIA1 aPiantanida, Maria,eauthor.14aThe qualitative dissertation :ba guide for students and faculty /cMaria Piantanida, Noreen B. Garman ; foreword by Frances Schoonmaker. aSecond edition. 1aThousand Oaks, California :bCorwin,c[2009] 4cc2009 axxiv, 301 pages :billustrations ;c26 cm 2rdacontentatextbtxt 2rdamediaaunmediatedbn 2rdacarrieravolumebnc aIncludes bibliographical references and index.0 aComing to study -- On the deliberative nature of the dissertation -- Meanings of the dissertation -- Facing the dissertation -- Orienting oneself to interpretive inquiry -- Situating oneself in the inquiry -- Rethinking the concept of method -- Rethinking the concept of data -- Moving from the experiential to the theoretic -- Developing ideas for the dissertation proposal -- Crafting an interpretive dissertation proposal -- Proposing the dissertation study -- Living with the study -- Entering into public discourse? : the dissertation meeting -- Life after the dissertation. 7aDissertations, Academic.2BUEsh 7aResearchxMethodology.2BUEsh bARTcMay2023 vReading book1 aGarman, Noreen B.,eauthor. a7bcbccorignewd1eecipf20gy-gencatlg 2ddccBB c30313d30284 00102ddc40708BaccahaMAINbMAINc2NDd2023-05-09ePurchaseg1130.00h37380l0o808.02 PIAp000044967r2025-07-15 00:00:00v1412.50w2023-05-09yBB